| 000 | 00481nam a22001457a 4500 | ||
|---|---|---|---|
| 082 | _aBEE-2 UMA | ||
| 100 |
_aUmar Khalid _992297 |
||
| 245 | _aMachine learning based multipath multicast routing protocol for cognitive radio networks | ||
| 260 |
_aIslamabad _bNUST-SEECS _c2014 |
||
| 300 |
_a47 _b25cm |
||
| 500 | _aSupervisors: Dr. Junaid Qadir, Dr. Adeel Baig | ||
| 700 |
_aKashif Munir _992298 |
||
| 856 | _uhttp://10.250.8.41:8080/xmlui/handle/123456789/28804 | ||
| 942 |
_cPR _2ddc |
||
| 999 |
_c13034 _d13034 |
||